[Event "Porto Carras op 4th"]
[Site "Porto Carras"]
[Date "2009.07.25"]
[Round "9"]
[White "Naslund, Mikael"]
[Black "Ioannidis, Efklidis"]
[Result "1-0"]
[WhiteElo "2170"]
[BlackElo "1508"]
[PlyCount "79"]
[EventDate "2009.07.18"]
[EventType "swiss"]
[EventRounds "9"]
[EventCountry "GRE"]
[SourceTitle "CBM 131 Extra"]
[Source "ChessBase"]
[SourceDate "2009.09.03"]
[SourceVersion "2"]
[SourceVersionDate "2009.09.16"]
[SourceQuality "1"]

1. d4 Nf6 2. c4 e6 3. g3 Bb4+ 4. Bd2 c5 5. Bxb4 cxb4 6. a3 bxa3 7. Rxa3 0-0 8. Nf3 d6 9. Bg2 Nc6 10. 0-0 e5 11. Nc3 Bf5 12. Nh4 Bc8 13. dxe5 dxe5 14. Nd5 Be6 15. Qd2 Nd4 16. e3 Nc6 17. Rd1 Bg4 18. Rda1 g5 19. Nf3 Ne4 20. Qc1 Nd6 21. Nd2 f5 22. b4 e4 23. b5 Ne5 24. Rxa7 Rc8 25. Qb2 Ndxc4 26. Nxc4 Nxc4 27. Qd4 Nd6 28. Qe5 Rf7 29. h3 Bh5 30. R1a2 Nc4 31. Qe6 Nd6 32. Rd2 Kf8 33. Qh6+ Kg8 34. Qxh5 Nxb5 35. Raa2 Qf8 36. Qxg5+ Qg7 37. Qxg7+ Kxg7 38. Rab2 Nd6 39. Rdc2 Ra8 40. Rb6 1-0

[Event "Porto Carras op 4th"]
[Site "Porto Carras"]
[Date "2009.07.20"]
[Round "4"]
[White "Koroteeva, Ksenia"]
[Black "Naslund, Mikael"]
[Result "0-1"]
[WhiteElo "1970"]
[BlackElo "2170"]
[PlyCount "56"]
[EventDate "2009.07.18"]
[EventType "swiss"]
[EventRounds "9"]
[EventCountry "GRE"]
[SourceTitle "CBM 131 Extra"]
[Source "ChessBase"]
[SourceDate "2009.09.03"]
[SourceVersion "2"]
[SourceVersionDate "2009.09.16"]
[SourceQuality "1"]

1. e4 c5 2. Nf3 e6 3. d4 cxd4 4. Nxd4 a6 5. Nc3 b5 6. Bd3 Qb6 7. Nb3 Qc7 8. Be3 Nf6 9. 0-0 Bb7 10. f3 d6 11. a4 b4 12. Ne2 Be7 13. c3 Nc6 14. Rc1 Qb8 15. Qd2 bxc3 16. Nxc3 0-0 17. Nd4 Rc8 18. Nce2 Ne5 19. b4 Nxd3 20. Qxd3 d5 21. Rxc8+ Qxc8 22. Rc1 Qd8 23. exd5 Nxd5 24. b5 axb5 25. axb5 Ra3 26. Nc3 Nxe3 27. Qxe3 Bc5 28. Rd1 Ra1 0-1